Girasol; lista comentada de los organismos que atacan al cultivo en la república argentina /

Guardado en:
Autor Principal: Quintana, Fernando J
Formato: Libro
Publicado: Balcarce : Inta/universidad Nacional de Mar del Plata, 1987
Materias:
Etiquetas: Agregar Etiqueta
Sin Etiquetas, Sea el primero en etiquetar este registro!
LEADER 00686nam a22002055a 4500
001 CEM.cems016083
008 130507s1987##################000#0#####d
005 20210914183203.0
003 CEMS
245 1 0 |a Girasol; lista comentada de los organismos que atacan al cultivo en la república argentina /  |c Fernando J Quintana, Alfredo Abot 
260 |a Balcarce :  |b Inta/universidad Nacional de Mar del Plata,  |c 1987 
300 |a 50 p. 
100 1 |a Quintana, Fernando J 
082 0 4 |a 632 
653 |a Agricultura 
653 |a Argentina 
653 |a Cultivos-enfermedades 
653 |a Cultivos-plagas 
653 |a Plagas agrícolas 
859 |a CEMS  |b BIB. CEMS - Agricultura  |h 632  |i Q45  |p A15970.90  |t Ej.1